Statistics for Hidden State Abbreviations-Historical Figures

Click here to take the quiz!

General Stats

  • This quiz has been taken 26 times
    (17 since last reset)
  • The average score is 16 of 23

Answer Stats

HintAnswer% Correct
Alabama
92%
Alexander HamiltonAlabama
92%
Washington
92%
California
85%
Hawaii
85%
Hawaii
85%
Illinois
77%
Illinois
77%
Oregon
77%
Abraham LincolnIndiana
69%
Indiana
69%
Indiana
69%
Indiana
69%
Charles DarwinArkansas
62%
Colorado
62%
Nebraska
62%
Wisconsin
62%
Wisconsin
62%
North Carolina
54%
Michigan
46%
North Dakota
46%
South Dakota
46%
Deleware
31%

Score Distribution

Percentile by Number Answered

Percent of People with Each Score

Your Score History

You have not taken this quiz since the last reset